000 00862nam a2200265 i 4500
003 DO-SdBNP
005 20260312081927.0
007 ta
008 100129s2001 000 spa d
040 _aDO-SdBNP
_bspa
_cBNPHU
_erda
041 _aspa
082 _aRD864.44
_bR789i
_222
100 1 _aRosario Candelier, Bruno
_eautor
_978929
245 3 _aEl interiorismo :
_bdoctrina estética y creación literaria. /
_cBruno Rosario Candelier
264 _aMoca, República Dominicana :
_bAteneo Insular Internacional,
_c2001
300 _a358 páginas ;
_c23 cm
336 _ardacontent
_btexto
_2txt
337 _ardamedia
_bsin mediación
_2n
338 _ardacarrier
_bvolumen
_2nc
590 _aInventariado, 2026/DG
650 4 _aEnsayos dominicanos
650 4 _aMovimientos literarios
_zRepública Dominicana
_989182
910 _aDG
942 _2ddc
_cLBS1
999 _c14610
_d14610